000 00783nam a22002657a 4500
003 0
005 20180703170943.0
008 0
010 _aA-991999
020 _c00.00
_a8171414842
035 _aA-991999, A-992006
037 _bCen Lib/Ret
040 _adpl
_bEN
_c0
082 _a796.346
_bASH
100 _aAshok Kumar
_920061
245 _aTable Tennis /
_cby Ashok Kumar
260 _bDiscovery Publishing House
_c1999
_aNew Delhi
270 _a4831/24, Ansari Road, Prahlad Street,Daryaganj
_bNew Delhi
_e110002
300 _a227p.
_c22cm(Hb)
490 _aDPH Sports Series.
500 _aIncludes bibliographical references and index
650 _aSports and games.
_922315
650 _aIndoor games.
_922316
942 _2ddc
_cEN
_h796.346
_mASH
999 _c128068
_d128068